[Event "Commonwealth-ch"]
[Site "Nagpur"]
[Date "2008.10.03"]
[Round "8"]
[White "Anwesh, Upadhyaya"]
[Black "Santhosbaala, RS."]
[Result "1-0"]
[WhiteElo "2189"]
[BlackElo "1915"]
[PlyCount "61"]
[EventDate "2008.09.28"]
[EventType "swiss"]
[EventRounds "11"]
[EventCountry "IND"]
[SourceTitle "CBM 126 Extra"]
[Source "ChessBase"]
[SourceDate "2008.11.05"]
[SourceVersion "1"]
[SourceVersionDate "2008.11.05"]
[SourceQuality "1"]

1. d4 Nf6 2. c4 g6 3. Nc3 Bg7 4. e4 d6 5. f3 0-0 6. Bg5 c5 7. d5 Nbd7 8. Nh3 a6 9. Nf2 Rb8 10. Qd2 Qc7 11. Be2 Re8 12. 0-0 Nf8 13. Rac1 Bd7 14. a4 Qa5 15. f4 h6 16. Bh4 b5 17. axb5 axb5 18. cxb5 Bxb5 19. Bxb5 Rxb5 20. e5 dxe5 21. fxe5 N6d7 22. Ng4 Rb4 23. e6 fxe6 24. dxe6 Rxg4 25. exd7 Rb8 26. Qd5+ Kh8 27. Bxe7 Nxd7 28. Qxd7 Rd4 29. Qh3 Rxb2 30. Ne4 c4 31. Ng5 1-0

[Event "Commonwealth-ch"]
[Site "Nagpur"]
[Date "2008.10.03"]
[Round "7"]
[White "Santhosbaala, RS."]
[Black "Viani, Antonio Dcunha"]
[Result "1-0"]
[WhiteElo "1915"]
[BlackElo "2114"]
[PlyCount "91"]
[EventDate "2008.09.28"]
[EventType "swiss"]
[EventRounds "11"]
[EventCountry "IND"]
[SourceTitle "CBM 126 Extra"]
[Source "ChessBase"]
[SourceDate "2008.11.05"]
[SourceVersion "1"]
[SourceVersionDate "2008.11.05"]
[SourceQuality "1"]

1. e4 c5 2. Nf3 e6 3. d3 Nc6 4. g3 g6 5. Bg2 Bg7 6. 0-0 Nge7 7. c3 0-0 8. Re1 d6 9. Nbd2 Rb8 10. Nf1 b5 11. d4 cxd4 12. cxd4 d5 13. e5 Qb6 14. g4 a5 15. Bg5 f6 16. exf6 Bxf6 17. Bxf6 Rxf6 18. g5 Rf8 19. Qd2 Nf5 20. Rad1 Nd6 21. Ne3 Ne4 22. Qc1 Bd7 23. Ng4 Rf5 24. Nh4 Nxd4 25. Nxf5 exf5 26. Bxe4 fxe4 27. Nf6+ Kg7 28. Rxd4 Qxd4 29. Qc7 Rf8 30. Qxd7+ Rf7 31. Qh3 h5 32. Qc3 Qxc3 33. bxc3 Re7 34. h4 Re5 35. Kf1 Kf7 36. Ke2 Rf5 37. Rb1 Rf4 38. Rxb5 Rxh4 39. Rxa5 Rh1 40. Rxd5 Ra1 41. Rd2 h4 42. f3 h3 43. Ng4 Rg1 44. Kf2 Rc1 45. fxe4 Rxc3 46. Rd6 1-0

[Event "Commonwealth-ch"]
[Site "Nagpur"]
[Date "2008.09.30"]
[Round "4"]
[White "Girish, A Koushnik"]
[Black "Santhosbaala, RS."]
[Result "1/2-1/2"]
[WhiteElo "2108"]
[BlackElo "1915"]
[PlyCount "86"]
[EventDate "2008.09.28"]
[EventType "swiss"]
[EventRounds "11"]
[EventCountry "IND"]
[SourceTitle "CBM 126 Extra"]
[Source "ChessBase"]
[SourceDate "2008.11.05"]
[SourceVersion "1"]
[SourceVersionDate "2008.11.05"]
[SourceQuality "1"]

1. d4 Nf6 2. Nf3 g6 3. c4 Bg7 4. Nc3 0-0 5. e4 d6 6. Be2 e5 7. 0-0 Nc6 8. d5 Ne7 9. b4 c6 10. Ne1 a5 11. Rb1 axb4 12. Rxb4 cxd5 13. cxd5 Nd7 14. Nd3 f5 15. f3 f4 16. a4 g5 17. Ba3 Ng6 18. Rb1 Nf6 19. Qb3 Ne8 20. Qb6 Qf6 21. Rfc1 h5 22. Nb5 Ra6 23. Qf2 Bd7 24. Nb2 g4 25. Nc7 g3 26. hxg3 fxg3 27. Qxg3 Bh6 28. Nxe8 Rxe8 29. Rc7 Bf4 30. Qe1 Qg5 31. Rxd7 Bd2 32. Qxd2 Qxd2 33. Bxa6 bxa6 34. Nc4 Qd4+ 35. Kh2 Qxc4 36. Rbb7 Re7 37. Rxe7 Nxe7 38. Rxe7 Qc3 39. Bxd6 Qe1 40. Rxe5 Qh4+ 41. Kg1 Qe1+ 42. Kh2 Qh4+ 43. Kg1 Qe1+ 1/2-1/2

[Event "New Delhi Parsvnath op 4th"]
[Site "New Delhi"]
[Date "2006.01.15"]
[Round "1"]
[White "Santhosbaala, RS."]
[Black "Negi, Parimarjan"]
[Result "0-1"]
[WhiteElo "1971"]
[BlackElo "2396"]
[PlyCount "70"]
[EventDate "2006.01.15"]
[EventType "swiss"]
[EventRounds "10"]
[EventCountry "IND"]
[SourceTitle "CBM 110 Extra"]
[Source "ChessBase"]
[SourceDate "2006.03.10"]
[SourceVersion "2"]
[SourceVersionDate "2006.03.10"]
[SourceQuality "1"]

1. e4 c5 2. Nc3 d6 3. g3 Nc6 4. Bg2 g6 5. d3 Bg7 6. Be3 Nf6 7. h3 e5 8. Qd2 Be6 9. Nge2 Nd4 10. f4 h5 11. Ng1 Qb6 12. Nd1 Qa6 13. Nf3 Nxf3+ 14. Bxf3 h4 15. g4 exf4 16. Bxf4 d5 17. g5 Nh5 18. exd5 Nxf4 19. Qxf4 Bd7 20. Be4 0-0 21. 0-0 f5 22. Bf3 Rae8 23. Kg2 Be5 24. Qxh4 Rf7 25. Qc4 Qd6 26. c3 Rh7 27. Rh1 b5 28. Qb3 Rh4 29. Nf2 Bg3 30. Qc2 Re3 31. Rae1 Rxf3 32. Kxf3 Qxd5+ 33. Kxg3 f4+ 34. Kxh4 Qf3 35. Qb3+ c4 0-1